Derechos del rey y derechos del pueblo.

Guardat en:
Dades bibliogràfiques
Autor principal: Kern, Fritz (autor)
Altres autors: López-Amo, Ángel (traducción, estudio preliminar)
Format: Llibre
Idioma:espanyol
Publicat: Madrid, España: Ediciones Rialp, 1955.
Col·lecció:Biblioteca del Pensamiento Actual, 34.
Matèries:
Etiquetes: Afegir etiqueta
Sense etiquetes, Sigues el primer a etiquetar aquest registre!

MARC

LEADER 00000nam a2200000 a 4500
001 UCT7848
003 CL-VaPUC
005 20220822114329.0
008 970317e19550000SP |||||||||||||||||spa|d
999 |c 256395  |d 256393 
040 |c Pontificia Universidad Católica de Valparaíso 
082 0 4 |a 321.6 KER 1955   |2 21 
100 0 |a Kern, Fritz  |e autor  |9 379068 
245 1 0 |a Derechos del rey y derechos del pueblo.  
260 |a Madrid, España:   |b Ediciones Rialp,  |c 1955.  
300 |a 232 páginas.  
490 0 |a Biblioteca del Pensamiento Actual, 34.  
500 |a c.2 Donación Familia Prof. Alejandro Guzmán Brito. 
583 |a last modification  |c 19970317 00:00:00  |k Rodrigo Vera 
650 0 |a Monarquía   |9 255259 
650 7 |a SISTEMAS POLITICOS  |2 CL-VaPUC  |9 379069 
650 0 |a Soberanía  |9 266726 
650 0 |a Monarquía absoluta   |9 379070 
650 0 |a Derecho constitucional   |9 222588 
700 |a López-Amo, Ángel  |9 440409  |e traducción  |e estudio preliminar  
942 |c BK  |2 ddc  |n 0 
945 |d 19970317 00:00:00  |a paguirre 
952 |0 0  |1 0  |4 0  |6 321_600000000000000_KER_1955  |7 0  |8 A  |9 279105  |a BIBDER  |b BIBDER  |d 2019-11-19  |i 180846K  |o 321.6 KER 1955  |p 180846K  |r 2023-01-25  |w 2019-11-19  |y BK  |k DER